01625nab a22002537a 4500003000400000005001700004008004100021040000700062100002200069245016400091260007300255300001500328500003600343505059300379505008100972650001801053650001901071650001901090650003901109650002601148650002701174700002201201773014801223OSt20260205102833.0190429b xxu||||| |||| 00| 0 spa d cPJ aMassenzio, Flavia13aLa sanción a los actos discriminatorios en redes sociales: discursos de odio y libertad de expresión /cFlavia Massenzio, Martín Muñoz, María Rachid. cCiudad Autónoma de Buenos Aires :aThomson Reuters La Ley, b2024. ap. 178-189 aCita: TR LALEY AR/DOC/907/2024. aSumario: I. Introducción: la importancia del análisis de este fallo.— II. Matriz de análisis de casos de discriminación y discursos de odio.— III. Verificación de hechos: la autoría y el dolo.— IV. Verificación de la lesión de derechos.— V. Verificación de la asociación de una persona a un grupo vulnerado como pretexto motivador.— VI. Verificación de la arbitrariedad de la conducta: los discursos discriminatorios y su aparente tensión con la libertad de expresión.— VII. La condena y las medidas de protección ulteriores.— VIII. Conclusión. tSi te interesa el texto completo, solicitalo a koha@justierradelfuego.gov.ar 0aDERECHO PENAL 0aDISCRIMINACION 0aREDES SOCIALES 0aDERECHO A LA IDENTIDAD DE GÉNERO 0aLIBERTAD DE EXPRESION 0aCIENCIA Y TECNOLOGÍA aMuñoz, Martín0 02658tRevista de derecho penal y criminología. Nº 4 - Mayo 2024dCiudad Autónoma de Buenos Aires : Thomson Reuters La Ley, 2017-x00347914